000 00336nam a2200133Ia 4500
008 191201s2008 xx 000 0 und d
082 _a530
_bKII
100 _aKITTEL, Charles
245 0 _aIntroduction to Solid State Physics
260 _aN.Delhi
_bWiley Dreautech India
_c2008
300 _a673
650 _aApplied
942 _2ddc
_cBK
999 _c3887
_d3887